Granulácia anaeróbnej biomasy v UASB reaktore pri spracovaní zriedeného surového glycerínu diplomová práca CD

Na minha lista:
Detalhes bibliográficos
Autor principal: Pongráczová, Hajnalka
Formato: Software Livro
Idioma:eslovaco
Publicado em: Bratislava STU FCHPT 2013
Acesso em linha:View in OPAC
Tags: Adicionar Tag
Sem tags, seja o primeiro a adicionar uma tag!

MARC

LEADER 00000nam a2200000 a 4500
005 20260127134033.0
007 co ugu
008 130814 2013 000 0 slo d
035 |a vtls010535298 
039 9 |y 201308141513  |z mschk03 
040 |a STUSCHK1  |b slo  |c STUSCHK1  |e AACR2 
100 1 |a Pongráczová, Hajnalka 
245 1 |a Granulácia anaeróbnej biomasy v UASB reaktore pri spracovaní zriedeného surového glycerínu  |b diplomová práca CD 
260 |a Bratislava  |b STU FCHPT  |c 2013 
300 |a 1 optický disk 
500 |a Obhájené: 10.06.2013 
500 |a Štud. odbor: Chemické technológie 
500 |a Škol. pracovisko: Odd. environmentálneho inžinierstva 
500 |a Evid. číslo: FCHPT-13572-50041 
910 |a SCHK95 
999 |c 2608  |d 2608